000
00322nam a2200133Ia 4500
008
150201s2005 xx 000 0 und d
082
_a
616.01
_b
M05I
100
_a
IRVING,WILLIAM
245
_a
MEDICAL MICROBIOLOGY
250
_a
1ST
260
_b
TAYLORA FRANCIS
_a
DELHI
_c
2005
650
_a
MICROBIOLOGY
942
_2
ddc
_c
BK
_0
4
999
_c
944
_d
944